| 000 | 00438cam a2200181ua 4500 | ||
|---|---|---|---|
| 020 | _a0-408102447 | ||
| 041 |
_aeng _h |
||
| 082 |
_a621.47 _bKUT/AP |
||
| 100 | _aKut, David . | ||
| 245 |
_aApplied solar energy / _cDavid Kut. _hTextual Documents |
||
| 250 |
_a2 / _b. |
||
| 260 |
_aLondon : _bButterworth Scientific , _c1983. |
||
| 300 | _a190 ; . | ||
| 504 | _a | ||
| 700 | 1 | _aHare, Gerard . | |
| 942 | _cBK | ||
| 999 |
_c7419 _d7419 |
||